000 00547nam a2200193 i 4500
001 bgj
245 1 0 _aManuskripte :
_bZeitschrift für Literatur 1960-1995 /
_c[Forum Stadtpark Graz].
260 _aGraz :
_bForum Stadtpark,
_c[1993].
300 _a[82] s. :
_bil. ;
_c21 cm.
650 9 _aLiteratura niemiecka
650 9 _aManuskripte : Zeitschrift für Literatur.
710 1 _aForum Stadtpark Graz
040 _cBPK
041 _ager
044 _aDEU
080 _a821.112.2
942 _cKS
008 s gw f |000 0 ger
999 _c50442
_d50442
856 _uhttp://koha.tu.koszalin.pl/cgi-bin/koha/opac-detail.pl?biblionumber=50442
_yKatalog online BPK